[Event "DEM U10/U10w 2010"]
[Site "Oberhof GER"]
[Date "2010.05.28"]
[Round "9"]
[White "Walker, Julia"]
[Black "Bergauz, Noam"]
[Result "1/2-1/2"]
[Termination "normal"]
[Board "21"]
[WhiteElo "1145"]
[BlackElo "1393"]
[PlyCount "83"]
[WhiteFideId "1271852"]
[BlackFideId "12938033"]
[EventCountry "GER"]
[EventRounds "11"]
[EventType "swiss"]
[EventDate "2010.05.22"]

1. e4 c6 2. d4 d5 3. exd5 cxd5 4. c4 dxc4 5. Bxc4 Nf6 6. Nc3 Bg4 7. Nf3 a6 8.
O-O e6 9. Bf4 Bd6 10. Bxd6 Qxd6 11. d5 e5 12. Qd3 O-O 13. Rfe1 Nbd7 14. h3 Bh5
15. Bb3 Nc5 16. Qe3 Nxb3 17. axb3 Bxf3 18. Qxf3 Nd7 19. Rac1 f5 20. Ne2 e4 21.
Qg3 Ne5 22. Red1 Rac8 23. Nf4 Rfe8 24. Ne6 g6 25. h4 Rxc1 26. Rxc1 Qxd5 27. Nf4
Qd6 28. h5 Rd8 29. hxg6 hxg6 30. Qg5 Kg7 31. Nh5+ Kf7 32. Nf4 Rh8 33. Qg3 Rd8
34. Qh3 Rd7 35. Qh7+ Kf6 36. Qh4+ Kg7 37. Qg5 Qd2 38. Nh5+ Kh7 39. Nf6+ Kg7 40.
Nh5+ Kh7 41. Nf6+ Kg7 42. Nh5+ 1/2-1/2

[Event "DEM U10/U10w 2010"]
[Site "Oberhof GER"]
[Date "2010.05.28"]
[Round "9"]
[White "Kololli, Kevin"]
[Black "Rößler, Linus Benedict"]
[Result "1/2-1/2"]
[Termination "normal"]
[Board "22"]
[WhiteElo "1323"]
[BlackElo "1105"]
[PlyCount "49"]
[WhiteFideId "12936863"]
[BlackFideId "12921076"]
[EventCountry "GER"]
[EventRounds "11"]
[EventType "swiss"]
[EventDate "2010.05.22"]

1. d4 d5 2. Bf4 Nf6 3. e3 e6 4. Bd3 c5 5. c3 Bd6 6. Bg3 O-O 7. Nd2 Nc6 8. Ngf3
Qe7 9. Qc2 h6 10. Bxd6 Qxd6 11. O-O b6 12. Bb5 Bb7 13. Bxc6 Bxc6 14. Ne5 Nd7
15. f4 b5 16. Nxd7 Bxd7 17. Nb3 c4 18. Nc5 Bc6 19. Rf3 a5 20. Rb1 b4 21. Rh3 f5
22. Rg3 Rf6 23. a3 b3 24. Qe2 Be8 25. Qf3 1/2-1/2

[Event "DEM U10/U10w 2010"]
[Site "Oberhof GER"]
[Date "2010.05.28"]
[Round "9"]
[White "Herbrig, Alexander"]
[Black "Schröder, Janina"]
[Result "0-1"]
[Termination "normal"]
[Board "23"]
[WhiteElo "1270"]
[BlackElo "1042"]
[PlyCount "50"]
[WhiteFideId "12952044"]
[BlackFideId "24693138"]
[EventCountry "GER"]
[EventRounds "11"]
[EventType "swiss"]
[EventDate "2010.05.22"]

1. e4 e5 2. Nf3 Nc6 3. Bc4 Be7 4. d3 Nf6 5. c3 d6 6. h3 O-O 7. Nbd2 Kh8 8. Bb3
Ng8 9. Nc4 f5 10. Qe2 Nf6 11. Ng5 h6 12. Nf3 a6 13. exf5 Bxf5 14. Be3 b5 15.
Ncd2 d5 16. Nh4 Bh7 17. f3 b4 18. Bf2 Bd6 19. g3 Re8 20. O-O-O Na5 21. Bc2 c5
22. Ng2 bxc3 23. bxc3 Rb8 24. Bb3 c4 25. dxc4 Ba3# 0-1

[Event "DEM U10/U10w 2010"]
[Site "Oberhof GER"]
[Date "2010.05.28"]
[Round "9"]
[White "Nothnagel, Marian Can"]
[Black "Rogozenco, Teodora Nana"]
[Result "1-0"]
[Termination "normal"]
[Board "24"]
[WhiteElo "1211"]
[BlackElo "1186"]
[PlyCount "103"]
[WhiteFideId "12921530"]
[BlackFideId "12938084"]
[EventCountry "GER"]
[EventRounds "11"]
[EventType "swiss"]
[EventDate "2010.05.22"]

1. d4 Nf6 2. c4 g6 3. Nc3 Bg7 4. e4 d6 5. f3 O-O 6. Be3 e5 7. d5 Nbd7 8. Qd2 a6
9. g4 Rb8 10. h4 h5 11. gxh5 Nxh5 12. Bh6 Nb6 13. Bxg7 Kxg7 14. Qf2 Rh8 15. c5
Nd7 16. cxd6 cxd6 17. Nge2 Nc5 18. Ng3 Nf4 19. O-O-O Bh3 20. Rxh3 Nxh3 21. Bxh3
Qxh4 22. Bg4 b5 23. Qg2 Qh2 24. Qxh2 Rxh2 25. b4 Na4 26. Nxa4 bxa4 27. a3 Rb7
28. Rd2 Rc7+ 29. Kd1 Rxd2+ 30. Kxd2 Kf8 31. Ne2 a5 32. bxa5 Ra7 33. Kc3 Rxa5
34. Kb4 Ra8 35. Nc3 Rb8+ 36. Nb5 Ra8 37. Nxd6 Ke7 38. Nc4 Ra7 39. Nxe5 Kf6 40.
Nc6 Rc7 41. f4 g5 42. e5+ Kg7 43. f5 f6 44. e6 Kf8 45. Kxa4 Rxc6 46. dxc6 Kg7
47. c7 Kh6 48. c8=Q Kg7 49. e7 Kh7 50. Bh5 g4 51. Qf8 g3 52. Bg6# 1-0

[Event "DEM U10/U10w 2010"]
[Site "Oberhof GER"]
[Date "2010.05.28"]
[Round "9"]
[White "Martin, Julian"]
[Black "Diener, Carolin"]
[Result "0-1"]
[Termination "normal"]
[Board "25"]
[WhiteElo "1126"]
[BlackElo "1208"]
[PlyCount "78"]
[WhiteFideId "12941000"]
[BlackFideId "24699063"]
[EventCountry "GER"]
[EventRounds "11"]
[EventType "swiss"]
[EventDate "2010.05.22"]

1. e4 e5 2. Nf3 Nc6 3. Bc4 Nf6 4. d4 exd4 5. e5 d5 6. Bb5 Ne4 7. Nxd4 Bc5 8.
Be3 Bd7 9. f3 Qh4+ 10. g3 Nxg3 11. Bf2 Bxd4 12. Bxg3 Qe7 13. c3 Bxe5 14. Kf2
Qc5+ 15. Kg2 Qxb5 16. Re1 Qxb2+ 17. Nd2 Qxc3 18. Qe2 Be6 19. Bxe5 Nxe5 20. Qb5+
Qc6 21. Qb2 Nd3 22. Qxg7 Nxe1+ 23. Rxe1 O-O-O 24. Qd4 Rhg8+ 25. Kf2 Qb6 26.
Qxb6 axb6 27. Re3 d4 28. Ra3 Kd7 29. Ne4 Kc6 30. Nf6 Rg6 31. Ng4 Bxg4 32. fxg4
Rxg4 33. Ke2 Rg2+ 34. Kf1 Rxh2 35. Kg1 Rb2 36. Kf1 d3 37. Rxd3 Rxd3 38. Ke1 Rh3
39. Kf1 Rh1# 0-1

[Event "DEM U10/U10w 2010"]
[Site "Oberhof GER"]
[Date "2010.05.28"]
[Round "9"]
[White "Halas, Julia"]
[Black "Reimers, Kim"]
[Result "0-1"]
[Termination "normal"]
[Board "26"]
[WhiteElo "1091"]
[BlackElo "1192"]
[PlyCount "136"]
[WhiteFideId "12931810"]
[BlackFideId "12930377"]
[EventCountry "GER"]
[EventRounds "11"]
[EventType "swiss"]
[EventDate "2010.05.22"]

1. e4 e6 2. d4 d5 3. exd5 exd5 4. Bd3 Bd6 5. Ne2 Ne7 6. Bf4 O-O 7. c3 Re8 8.
O-O Bg4 9. Bxd6 Qxd6 10. Qc2 Ng6 11. h3 Bd7 12. Nd2 a6 13. a4 Nc6 14. Rae1 Re7
15. Nf3 Rae8 16. Rd1 h6 17. Ng3 Qf6 18. Nd2 Nf4 19. Kh2 Nxd3 20. Qxd3 Na5 21.
b3 Nc6 22. Nf3 Qf4 23. Kg1 Na5 24. Rb1 Re4 25. Ne5 Bf5 26. Nxe4 Bxe4 27. Qe3
Qxe3 28. fxe3 Bxb1 29. Rxb1 f6 30. b4 Nc4 31. Nxc4 dxc4 32. Kf2 Kf7 33. Kf3 f5
34. b5 a5 35. g3 g6 36. Re1 Re4 37. Rg1 Re6 38. g4 fxg4+ 39. Rxg4 Rf6+ 40. Rf4
c6 41. Rxf6+ Kxf6 42. bxc6 bxc6 43. e4 Ke6 44. Kf4 Kf6 45. d5 g5+ 46. Kg4 cxd5
47. exd5 Ke5 48. Kh5 Kxd5 49. Kxh6 Ke4 50. Kxg5 Kd3 51. h4 Kxc3 52. h5 Kb4 53.
h6 c3 54. h7 c2 55. h8=Q c1=Q+ 56. Kf5 Qc2+ 57. Ke6 Qe4+ 58. Kd6 Qd3+ 59. Ke6
Qb3+ 60. Kf5 Qxa4 61. Qb8+ Qb5+ 62. Qxb5+ Kxb5 63. Ke4 Kc4 64. Ke3 Kc3 65. Ke2
Kc2 66. Ke3 a4 67. Kd4 a3 68. Kc4 a2 0-1

[Event "DEM U10/U10w 2010"]
[Site "Oberhof GER"]
[Date "2010.05.28"]
[Round "9"]
[White "Edelmann, Jonas"]
[Black "Simon, Tessa"]
[Result "1-0"]
[Termination "normal"]
[Board "29"]
[WhiteElo "1107"]
[BlackElo "1270"]
[PlyCount "43"]
[BlackFideId "12929395"]
[EventCountry "GER"]
[EventRounds "11"]
[EventType "swiss"]
[EventDate "2010.05.22"]

1. d4 Nf6 2. e3 c5 3. c3 cxd4 4. cxd4 g6 5. f4 Ne4 6. Bd3 d5 7. Bxe4 dxe4 8.
Nd2 Qa5 9. a3 e6 10. Ne2 Nd7 11. O-O f5 12. Nc4 Qc7 13. b3 Bg7 14. Bb2 O-O 15.
Ne5 Nxe5 16. dxe5 Rd8 17. Qc1 Qxc1 18. Raxc1 Rd2 19. Rfd1 Rxe2 20. Rd8+ Kf7 21.
Rc7+ Bd7 22. Rcxd7# 1-0

[Event "DEM U10/U10w 2010"]
[Site "Oberhof GER"]
[Date "2010.05.28"]
[Round "9"]
[White "Nguyen, Anh Van"]
[Black "Ramien, David"]
[Result "0-1"]
[Termination "normal"]
[Board "30"]
[WhiteElo "1095"]
[BlackElo "1172"]
[PlyCount "86"]
[WhiteFideId "12908223"]
[BlackFideId "12948241"]
[EventCountry "GER"]
[EventRounds "11"]
[EventType "swiss"]
[EventDate "2010.05.22"]

1. e4 d5 2. exd5 Nf6 3. Bc4 Nxd5 4. Bxd5 Qxd5 5. Nc3 Qxg2 6. Qf3 Qxf3 7. Nxf3
e6 8. d3 b6 9. Bf4 Bb7 10. Ke2 Bd6 11. Bxd6 cxd6 12. Rhg1 O-O 13. Ne1 Nc6 14.
Kd2 Nd4 15. Rg3 Rac8 16. Rc1 Rc7 17. Ne2 Nxe2 18. Kxe2 Rfc8 19. Kd2 Bd5 20. b3
f5 21. c4 h6 22. h4 Bb7 23. Rc2 Kf7 24. f4 e5 25. fxe5 dxe5 26. Re3 Kf6 27. Rc1
g5 28. hxg5+ hxg5 29. Rh3 Rg7 30. Rh6+ Rg6 31. Rh7 Rg7 32. Rh6+ Kf7 33. Nc2 Rc6
34. Rhh1 g4 35. Rhg1 g3 36. Rce1 Kf6 37. Ne3 f4 38. Nd5+ Kf5 39. Ref1 Rh6 40.
Ne3+ Ke6 41. Nc2 Rh2+ 42. Kc3 g2 43. Rf2 Rh1 0-1

[Event "DEM U10/U10w 2010"]
[Site "Oberhof GER"]
[Date "2010.05.28"]
[Round "9"]
[White "Arnhold, Steffi"]
[Black "Denkert, Anna"]
[Result "0-1"]
[Termination "normal"]
[Board "31"]
[WhiteElo "1145"]
[BlackElo "914"]
[PlyCount "120"]
[WhiteFideId "12931365"]
[BlackFideId "12938122"]
[EventCountry "GER"]
[EventRounds "11"]
[EventType "swiss"]
[EventDate "2010.05.22"]

1. e4 e5 2. Nf3 Nf6 3. Nxe5 d6 4. Nf3 Nxe4 5. Nc3 d5 6. Qe2 Be7 7. Nxe4 dxe4 8.
Qxe4 O-O 9. Bc4 Bd6 10. O-O Re8 11. Qd3 Nc6 12. b3 Be5 13. Qxd8 Rxd8 14. Nxe5
Nxe5 15. Be2 Bf5 16. d3 Rac8 17. Bb2 Re8 18. Rfe1 Re6 19. Bg4 Nxg4 20. Rxe6
Bxe6 21. c4 c5 22. Rc1 Rc6 23. d4 cxd4 24. Bxd4 h6 25. Bxa7 Ra6 26. Bd4 Rxa2
27. h3 Nf6 28. Rb1 Rd2 29. Be3 Rd3 30. Bb6 Ne4 31. Kf1 Rxb3 32. Rxb3 Nd2+ 33.
Ke2 Nxb3 34. Kd3 Nc1+ 35. Kd4 Ne2+ 36. Kc5 Kf8 37. g3 Ke7 38. h4 g5 39. Bc7
gxh4 40. gxh4 Kd7 41. Kb6 Bxc4 42. Kxb7 f5 43. f4 Nc3 44. Be5 Ne2 45. Kb6 Ke6
46. Kc5 Ba2 47. Kc6 h5 48. Kc5 Kd7 49. Kb6 Kc8 50. Kc5 Be6 51. Kd6 Bd7 52. Ke7
Ba4 53. Kf6 Ng3 54. Kg5 Kd7 55. Bd4 Ke6 56. Bf2 Ne4+ 57. Kxh5 Nxf2 58. Kg6 Be8+
59. Kh6 Nh3 60. h5 Nxf4 0-1

[Event "DEM U10/U10w 2010"]
[Site "Oberhof GER"]
[Date "2010.05.28"]
[Round "9"]
[White "Grieb, Lukas"]
[Black "Tong, Kevin"]
[Result "0-1"]
[Termination "normal"]
[Board "32"]
[WhiteElo "1007"]
[BlackElo "1117"]
[PlyCount "100"]
[WhiteFideId "1271993"]
[BlackFideId "12913944"]
[EventCountry "GER"]
[EventRounds "11"]
[EventType "swiss"]
[EventDate "2010.05.22"]

1. e4 e5 2. Nf3 Nc6 3. Bc4 Nf6 4. Ng5 d5 5. exd5 b5 6. Bxb5 Qxd5 7. Bxc6+ Qxc6
8. Qf3 Qxf3 9. Nxf3 e4 10. Nd4 Bd7 11. O-O Bc5 12. Nb3 Bb6 13. h3 h5 14. Re1
O-O 15. Nc3 Rfe8 16. a4 a6 17. a5 Ba7 18. Na4 Bb5 19. Nac5 Rad8 20. Kh2 Rd5 21.
Nxe4 Rxe4 22. Rxe4 Nxe4 23. d3 Nxf2 24. c4 Rxd3 25. cxb5 Rxb3 26. bxa6 Nd3 27.
Bd2 Rxb2 28. Bc3 Rb3 29. Bd2 f6 30. Bc1 Nc5 31. Ba3 Nxa6 32. Bc1 g5 33. Ra3
Rxa3 34. Bxa3 Kf7 35. g4 hxg4 36. hxg4 Ke6 37. Kg3 Kd5 38. Kf3 c6 39. Ke2 Ke4
40. Be7 Bd4 41. Kd2 c5 42. Kc2 c4 43. Ba3 Kf4 44. Bb2 Bxb2 45. Kxb2 Kxg4 46.
Kc3 f5 47. Kxc4 f4 48. Kb5 f3 49. Kxa6 f2 50. Ka7 f1=Q 0-1

[Event "DEM U10/U10w 2010"]
[Site "Oberhof GER"]
[Date "2010.05.28"]
[Round "9"]
[White "Wallat, Jessica"]
[Black "Siegl, Adrian"]
[Result "0-1"]
[Termination "normal"]
[Board "33"]
[WhiteElo "1045"]
[BlackElo "1198"]
[PlyCount "120"]
[WhiteFideId "12909637"]
[BlackFideId "12930156"]
[EventCountry "GER"]
[EventRounds "11"]
[EventType "swiss"]
[EventDate "2010.05.22"]

1. e4 c5 2. Nf3 Nc6 3. Bb5 d6 4. Bxc6+ bxc6 5. d3 g6 6. Be3 Bg7 7. c3 Ba6 8.
O-O Rb8 9. Qc2 Qb6 10. b4 Nf6 11. bxc5 dxc5 12. Nbd2 Ng4 13. Rab1 Qd8 14. Rxb8
Qxb8 15. h3 Nxe3 16. fxe3 O-O 17. Nb3 Qd6 18. Rd1 Rd8 19. d4 cxd4 20. exd4 e5
21. Rd2 exd4 22. cxd4 Bh6 23. Rd1 Be3+ 24. Kh1 Bb5 25. Qc5 Qxc5 26. Nxc5 Be2
27. Rb1 Bxf3 28. gxf3 Bxd4 29. Rc1 Bxc5 30. Rxc5 Rc8 31. Kg2 Kg7 32. e5 f6 33.
f4 fxe5 34. fxe5 Kf7 35. Kf3 Ke6 36. Kf4 h6 37. h4 Rc7 38. Kg4 Rc8 39. h5 g5
40. a3 a6 41. a4 Rc7 42. a5 Rc8 43. Kg3 Kf5 44. Rc4 Kxe5 45. Kf3 c5 46. Kg4 Kd5
47. Rc2 c4 48. Rb2 c3 49. Rb3 Rc6 50. Rb1 c2 51. Rc1 Kd4 52. Kg3 Kd3 53. Kf2
Kd2 54. Kf1 Kxc1 55. Ke1 Kb2 56. Kd2 c1=Q+ 57. Kd3 Qf4 58. Ke2 Rc2+ 59. Kd3
Rc3+ 60. Ke2 Qh2+ 0-1

[Event "DEM U10/U10w 2010"]
[Site "Oberhof GER"]
[Date "2010.05.28"]
[Round "9"]
[White "Neuwald, Johannes"]
[Black "Bach, Kira Annika"]
[Result "1/2-1/2"]
[Termination "normal"]
[Board "34"]
[WhiteElo "1277"]
[BlackElo "1071"]
[PlyCount "142"]
[BlackFideId "12907677"]
[EventCountry "GER"]
[EventRounds "11"]
[EventType "swiss"]
[EventDate "2010.05.22"]

1. e4 d5 2. exd5 c6 3. dxc6 Nxc6 4. Nf3 e5 5. Bb5 Bd6 6. Nc3 Bg4 7. O-O Nf6 8.
h3 Bh5 9. d4 e4 10. Re1 O-O 11. Nxe4 Nxe4 12. Rxe4 Qc7 13. Bxc6 bxc6 14. Be3
Rab8 15. b3 Bh2+ 16. Kh1 Rb5 17. c4 Rb7 18. Bc1 Bd6 19. Re1 h6 20. Qd3 Rd8 21.
Bb2 a5 22. d5 c5 23. Qc3 f6 24. Nd2 Be5 25. Qc2 Bxb2 26. Qxb2 a4 27. Qc3 a3 28.
Qe3 Qd6 29. Qe6+ Qxe6 30. Rxe6 Bf7 31. Rc6 Re8 32. Rxc5 Re2 33. Rc8+ Kh7 34.
Nf3 Rxf2 35. d6 Rd7 36. Rc7 Be6 37. c5 Rxc7 38. dxc7 Bc8 39. Nd4 Rd2 40. Nb5
Rd7 41. c6 Re7 42. Nxa3 Rxc7 43. Nb5 Rxc6 44. Na7 Rc7 45. Nxc8 Rxc8 46. b4 Rb8
47. Rb1 Kg8 48. b5 Kf8 49. a4 Ke8 50. a5 Kd7 51. b6 Kc6 52. Kh2 Kb7 53. Kg3 Ra8
54. Ra1 Kc6 55. a6 Kxb6 56. a7 Rxa7 57. Rxa7 Kxa7 58. Kg4 Kb6 59. Kf5 Kc5 60.
g4 Kd6 61. Kg6 Ke5 62. Kxg7 f5 63. gxf5 Kxf5 64. Kxh6 Kf6 65. Kh5 Kg7 66. Kg5
Kh7 67. h4 Kg7 68. h5 Kh8 69. Kg6 Kg8 70. h6 Kh8 71. Kf7 Kh7 1/2-1/2

[Event "DEM U10/U10w 2010"]
[Site "Oberhof GER"]
[Date "2010.05.28"]
[Round "9"]
[White "Sadewasser, Lucie"]
[Black "Allin, Katharina"]
[Result "1-0"]
[Termination "normal"]
[Board "35"]
[WhiteElo "1197"]
[BlackElo "1059"]
[PlyCount "55"]
[WhiteFideId "12905445"]
[BlackFideId "12903779"]
[EventCountry "GER"]
[EventRounds "11"]
[EventType "swiss"]
[EventDate "2010.05.22"]

1. e4 e5 2. Nf3 Nc6 3. Nc3 Nf6 4. d4 exd4 5. Nxd4 Bb4 6. Nxc6 bxc6 7. Bd3 O-O
8. O-O d5 9. Qf3 Bxc3 10. bxc3 Re8 11. Bg5 Qd6 12. exd5 cxd5 13. Rfe1 Rxe1+ 14.
Rxe1 Be6 15. Bxf6 gxf6 16. Qxf6 Rb8 17. Qh6 f5 18. Qxe6+ Qxe6 19. Rxe6 Rb1+ 20.
Bf1 Rb2 21. g3 Rxc2 22. Rc6 d4 23. Bc4+ Kf8 24. cxd4 Ke7 25. Re6+ Kd7 26. Bb3
Rd2 27. d5 a5 28. Ra6 1-0

[Event "DEM U10/U10w 2010"]
[Site "Oberhof GER"]
[Date "2010.05.28"]
[Round "9"]
[White "Matzeit, Adrian"]
[Black "Giede, Anna-Blume"]
[Result "1-0"]
[Termination "normal"]
[Board "36"]
[WhiteElo "1175"]
[BlackElo "927"]
[PlyCount "117"]
[WhiteFideId "12946737"]
[BlackFideId "12921980"]
[EventCountry "GER"]
[EventRounds "11"]
[EventType "swiss"]
[EventDate "2010.05.22"]

1. e4 e5 2. Nf3 Nc6 3. Bb5 Nf6 4. O-O Bc5 5. Re1 O-O 6. c3 Re8 7. d4 exd4 8.
cxd4 Bb4 9. Nc3 Bxc3 10. bxc3 Nxe4 11. Bg5 Nxc3 12. Qb3 Ne7 13. Qxc3 c6 14. Bc4
d5 15. Bd3 Bg4 16. Bc2 h6 17. Bh4 Qd7 18. Bxe7 Rxe7 19. Rxe7 Qxe7 20. Qd3 g6
21. Ne5 Qg5 22. Nxg4 Qxg4 23. Bd1 Qg5 24. Bf3 Re8 25. g3 Qe7 26. Qd2 Kg7 27.
Kf1 b5 28. Re1 Qd7 29. Rxe8 Qxe8 30. Qe3 Qd7 31. Qf4 a5 32. Qd2 a4 33. Qc2 Qd6
34. Bg4 h5 35. Be2 Qc7 36. Bxb5 Qb6 37. Qxc6 Qxc6 38. Bxc6 a3 39. Bxd5 Kf6 40.
Bc6 Ke6 41. d5+ Kd6 42. Ke2 f6 43. Kd3 f5 44. f4 Kc7 45. Kc4 Kd6 46. Be8 Ke7
47. Bxg6 Kd6 48. Bxh5 Ke7 49. Bg6 Kd6 50. h4 Ke7 51. h5 Kf8 52. Kc5 Ke7 53. d6+
Kf8 54. Kc6 Kg7 55. d7 Kf6 56. d8=Q+ Kg7 57. Qe7+ Kg8 58. Qf7+ Kh8 59. Qh7# 1-0

[Event "DEM U10/U10w 2010"]
[Site "Oberhof GER"]
[Date "2010.05.28"]
[Round "9"]
[White "Tsoumanis, Neoptolemos"]
[Black "Lohrmann, Tabea"]
[Result "1-0"]
[Termination "normal"]
[Board "38"]
[WhiteElo "1105"]
[BlackElo "874"]
[PlyCount "79"]
[BlackFideId "12911941"]
[EventCountry "GER"]
[EventRounds "11"]
[EventType "swiss"]
[EventDate "2010.05.22"]

1. e4 e5 2. Nf3 Nc6 3. Nc3 Nf6 4. d4 exd4 5. Nxd4 Bc5 6. Be3 d6 7. Nxc6 bxc6 8.
Bxc5 O-O 9. Be3 h6 10. Be2 Re8 11. Qd3 d5 12. Rd1 Bg4 13. f3 Be6 14. e5 Nd7 15.
f4 Rb8 16. b3 Rb4 17. a3 Rb7 18. O-O Qe7 19. b4 Nb6 20. f5 Bd7 21. Bd4 Bc8 22.
f6 Qf8 23. Bc5 Re7 24. Bxe7 Qe8 25. Qg3 g6 26. Rf4 Kh7 27. Ba6 Rb8 28. Bxc8
Rxc8 29. Rg4 Nc4 30. h4 h5 31. Rg5 Kh6 32. Qf3 Nxe5 33. Rxe5 Qg8 34. Qf4+ Kh7
35. g4 hxg4 36. Qxg4 Qe8 37. h5 Rb8 38. hxg6+ Kh8 39. Qh5+ Kg8 40. Qh7# 1-0

[Event "DEM U10/U10w 2010"]
[Site "Oberhof GER"]
[Date "2010.05.28"]
[Round "9"]
[White "Tiedemann, Fin Niklas"]
[Black "Müller, Sophie"]
[Result "1/2-1/2"]
[Termination "normal"]
[Board "39"]
[WhiteElo "997"]
[BlackElo "1102"]
[PlyCount "106"]
[WhiteFideId "12936936"]
[BlackFideId "12926698"]
[EventCountry "GER"]
[EventRounds "11"]
[EventType "swiss"]
[EventDate "2010.05.22"]

1. e4 e6 2. d4 d5 3. Nd2 dxe4 4. Nxe4 Nd7 5. Nf3 Be7 6. Be3 Ngf6 7. Nxf6+ Bxf6
8. Bd3 O-O 9. Qd2 Re8 10. O-O-O e5 11. dxe5 Nxe5 12. Nxe5 Rxe5 13. Bxh7+ Kxh7
14. Qxd8 Bxd8 15. Rxd8 b6 16. Rg1 Ra5 17. a3 b5 18. f3 Kg6 19. Bd4 Bb7 20. Rxa8
Bxa8 21. Re1 Ra4 22. c3 f6 23. Re7 a5 24. b3 Rxa3 25. Kb2 b4 26. cxb4 axb4 27.
Bc5 Bd5 28. Re3 Ra5 29. Bxb4 Rb5 30. Rd3 Bxf3 31. Rxf3 Rxb4 32. Kc3 Rb6 33. Rf4
Kg5 34. Rb4 Re6 35. Rb7 Re7 36. b4 Kg6 37. Kd3 Kf7 38. b5 g5 39. Kd4 Ke6 40. b6
cxb6 41. Rxb6+ Kf7 42. Kd3 Kg6 43. g4 Rh7 44. Rb2 Rh4 45. Rg2 f5 46. gxf5+ Kxf5
47. Rf2+ Rf4 48. Rxf4+ Kxf4 49. Ke2 Kg4 50. Kf2 Kh3 51. Kg1 g4 52. Kh1 g3 53.
hxg3 Kxg3 1/2-1/2

[Event "DEM U10/U10w 2010"]
[Site "Oberhof GER"]
[Date "2010.05.28"]
[Round "9"]
[White "Schluckner, Paul-Leopold"]
[Black "Mildner, Ramón"]
[Result "0-1"]
[Termination "normal"]
[Board "40"]
[WhiteElo "957"]
[BlackElo "1200"]
[PlyCount "102"]
[WhiteFideId "12952168"]
[BlackFideId "12909645"]
[EventCountry "GER"]
[EventRounds "11"]
[EventType "swiss"]
[EventDate "2010.05.22"]

1. e4 Nf6 2. Nc3 e5 3. Nf3 Nc6 4. Bb5 Bb4 5. O-O O-O 6. d3 d6 7. a3 Bxc3 8.
bxc3 Bg4 9. Re1 Ne7 10. Bg5 Ng6 11. h3 Bxf3 12. Qxf3 h6 13. Bxf6 Qxf6 14. Qxf6
gxf6 15. d4 Kh7 16. Re3 Rg8 17. Kh2 Rg7 18. Rg1 Rag8 19. Ree1 Nh4 20. Bf1 Nf3+
21. gxf3 Rxg1 22. h4 R1g7 23. Bh3 h5 24. a4 Kh6 25. Rf1 a6 26. a5 b6 27. Ra1 b5
28. Rf1 Rb8 29. Rb1 Rgg8 30. d5 Rb7 31. Bf1 Rgb8 32. Kh3 Rc8 33. c4 b4 34. c5
Ra8 35. c6 Rbb8 36. Bc4 Kg7 37. c3 bxc3 38. Rc1 Rb2 39. Kg2 c2 40. Bd3 Ra2 41.
Bxc2 Rxa5 42. Rb1 Rb5 43. Ra1 a5 44. Kg3 Rb2 45. Bd1 Rab8 46. Rxa5 Rb1 47. Be2
Rg1+ 48. Kh2 Rbb1 49. f4 Rh1+ 50. Kg2 Rbg1+ 51. Kf3 Rh3# 0-1

[Event "DEM U10/U10w 2010"]
[Site "Oberhof GER"]
[Date "2010.05.28"]
[Round "9"]
[White "Lederer, Leia"]
[Black "Schneider, Jana"]
[Result "0-1"]
[Termination "normal"]
[Board "41"]
[WhiteElo "971"]
[BlackElo "1073"]
[PlyCount "152"]
[WhiteFideId "12926353"]
[BlackFideId "12924997"]
[EventCountry "GER"]
[EventRounds "11"]
[EventType "swiss"]
[EventDate "2010.05.22"]

1. e4 c5 2. Nf3 d6 3. d4 cxd4 4. Nxd4 Nf6 5. Nc3 a6 6. Be3 e6 7. Be2 b5 8. Qd2
Bb7 9. a3 Nxe4 10. Nxe4 Bxe4 11. Bg5 Qc7 12. Bf3 Bxf3 13. gxf3 Nd7 14. f4 Nc5
15. f5 e5 16. Qe3 Be7 17. Nf3 Bxg5 18. Nxg5 Qc6 19. Rg1 h6 20. Nf3 Rg8 21. Nd4
Qe4 22. Qxe4 Nxe4 23. Nc6 g6 24. Rd1 Rc8 25. Nb4 a5 26. Nd5 Rxc2 27. f3 Ng5 28.
Rg3 Kf8 29. Nf6 Rg7 30. Nd7+ Ke8 31. Nf6+ Ke7 32. Nd5+ Kd7 33. Nb6+ Kc6 34. f6
Rg8 35. Nd5 Re8 36. Ne7+ Kd7 37. h4 Nh7 38. Rd2 Rxd2 39. Kxd2 Nxf6 40. Nxg6
fxg6 41. Rxg6 Re6 42. Rg7+ Kc6 43. Kc3 d5 44. Ra7 Kb6 45. Rf7 e4 46. f4 e3 47.
f5 Re5 48. Rxf6+ Kc5 49. Re6 Rxe6 50. fxe6 Kd6 51. e7 Kxe7 52. Kd3 d4 53. Ke2
Kf6 54. b3 Kf5 55. b4 a4 56. Kd3 Kf4 57. h5 Kf3 58. Kxd4 e2 59. Kc5 e1=Q 60.
Kxb5 Qd1 61. Ka5 Qb3 62. b5 Qxa3 63. b6 Qb3 64. Ka6 Qe6 65. Ka7 Qxb6+ 66. Kxb6
a3 67. Kc6 a2 68. Kd6 a1=Q 69. Ke6 Qg1 70. Kf6 Qg5+ 71. Kf7 Qe5 72. Kg8 Qe7 73.
Kh8 Kf4 74. Kg8 Kf5 75. Kh8 Kf6 76. Kg8 Qg7# 0-1

[Event "DEM U10/U10w 2010"]
[Site "Oberhof GER"]
[Date "2010.05.28"]
[Round "9"]
[White "Main, Laetitia Chantal"]
[Black "Ratay, Meike"]
[Result "1-0"]
[Termination "normal"]
[Board "44"]
[WhiteElo "922"]
[BlackElo "930"]
[PlyCount "45"]
[BlackFideId "12977608"]
[EventCountry "GER"]
[EventRounds "11"]
[EventType "swiss"]
[EventDate "2010.05.22"]

1. e4 e5 2. Nf3 Nc6 3. Bc4 Bc5 4. d3 h6 5. Nc3 Nf6 6. Bd2 d6 7. h3 O-O 8. Qe2
a6 9. O-O-O Na5 10. g4 Qd7 11. g5 hxg5 12. Nxg5 Nxc4 13. dxc4 Qc6 14. Rhg1 Qb6
15. b3 Bxf2 16. Rg2 Bh4 17. Nf3 Bxh3 18. Rh2 Be6 19. Rxh4 Qa5 20. Qh2 Qa3+ 21.
Kb1 g6 22. Rh8+ Kg7 23. Qh6# 1-0

[Event "DEM U10/U10w 2010"]
[Site "Oberhof GER"]
[Date "2010.05.28"]
[Round "9"]
[White "Cejda, Cecilia"]
[Black "Möller, Hannah"]
[Result "1-0"]
[Termination "normal"]
[Board "45"]
[WhiteElo "894"]
[BlackElo "854"]
[PlyCount "41"]
[WhiteFideId "12921122"]
[BlackFideId "1270514"]
[EventCountry "GER"]
[EventRounds "11"]
[EventType "swiss"]
[EventDate "2010.05.22"]

1. e4 e5 2. Nf3 Nc6 3. Bc4 Nf6 4. d3 Bc5 5. c3 d6 6. O-O O-O 7. Nbd2 Bd7 8. Re1
Ng4 9. Re2 Nf6 10. Nf1 Bg4 11. Re1 Bd7 12. Bg5 h6 13. Bh4 Bg4 14. Ng3 a6 15. h3
Bd7 16. Nh5 g5 17. Nxg5 hxg5 18. Bxg5 Qc8 19. Nxf6+ Kg7 20. Qh5 Rh8 21. Qxf7#
1-0

[Event "DEM U10/U10w 2010"]
[Site "Oberhof GER"]
[Date "2010.05.28"]
[Round "10"]
[White "Gungl, Theo"]
[Black "Lagunow, Raphael"]
[Result "0-1"]
[Termination "normal"]
[Board "1"]
[WhiteElo "1682"]
[BlackElo "1623"]
[PlyCount "86"]
[WhiteFideId "24695653"]
[BlackFideId "24652644"]
[EventCountry "GER"]
[EventRounds "11"]
[EventType "swiss"]
[EventDate "2010.05.22"]

1. d4 Nf6 2. c4 g6 3. Nc3 Bg7 4. e4 d6 5. f3 O-O 6. Be3 Nc6 7. Nge2 a6 8. d5
Ne5 9. Ng3 e6 10. h3 exd5 11. cxd5 b5 12. a4 b4 13. Na2 c5 14. dxc6 Nxc6 15.
Be2 Be6 16. O-O Qe7 17. Qd2 b3 18. Nc3 Ne5 19. Rad1 Nc4 20. Bxc4 Bxc4 21. Rfe1
Rfd8 22. Bg5 Rac8 23. Nge2 Qf8 24. Nd4 h6 25. Bh4 g5 26. Bg3 Nh5 27. Bf2 Nf4
28. Nf5 Nd3 29. Re3 Nxf2 30. Qxf2 Be5 31. g3 Be6 32. Nd5 Bxf5 33. exf5 Rc2 34.
Rd2 Bxg3 35. Qe2 Rc1+ 36. Kg2 Bf4 37. Nxf4 gxf4 38. f6 Kh8 39. Kh2 Qg8 40. Qf2
fxe3 41. Qxe3 Qg5 42. Qd4 Qxd2+ 43. Qxd2 Rc2 0-1